000 00542nam a2200193Ia 4500
005 20250508160950.0
008 008 250505s9999 xx 000 0 eng d
037 _aTextual
040 _aFEDL
_beng
_cFEDL
041 _aeng
_2eng
084 _a025.21, SHA
_qFEDL
100 _aSharma Chandra Kant
245 0 _aBook selection and physical bibliography
260 _aNew Delhi, India
_bMetropolitan Book
300 _axiv,127p.
650 _aLibrary Science
942 _cTEXL
_h025.21, SHA
999 _c1367661
_d1367661